[Event "Winnipeg TNT January op"]
[Site "Winnipeg CAN"]
[Date "2009.01.20"]
[Round "3"]
[White "Evans, Brian"]
[Black "Lipic, Stephen"]
[Result "0-1"]
[WhiteElo "1537"]
[BlackElo "1606"]
[PlyCount "102"]
[GameId "2160767910281754"]
[EventDate "2009.01.06"]
[EventType "swiss"]
[EventRounds "5"]
[EventCountry "CAN"]
[SourceTitle "EXT 2011"]
[Source "ChessBase"]
[SourceDate "2011.11.26"]
[SourceVersion "1"]
[SourceVersionDate "2011.11.26"]
[SourceQuality "1"]

1. e4 c6 2. d4 d5 3. e5 Na6 4. Nc3 Nc7 5. Be3 g6 6. Be2 Bh6 7. Qd2 Bxe3 8. Qxe3 h5 9. h3 Nh6 10. g4 h4 11. Qg5 e6 12. Qxd8+ Kxd8 13. Nf3 Ke8 14. Nxh4 Nxg4 15. hxg4 g5 16. O-O-O gxh4 17. Rh2 Ke7 18. Rdh1 b6 19. Rxh4 Rxh4 20. Rxh4 Ba6 21. Bxa6 Nxa6 22. g5 Rg8 23. f4 Nc7 24. Rh7 Ne8 25. Kd2 Ng7 26. Ne2 Nf5 27. c3 Kf8 28. Rh3 Kg7 29. Ng3 Nxg3 30. Rxg3 Rh8 31. Rg2 Kg6 32. Rf2 Kf5 33. Ke3 Rh3+ 34. Rf3 Rh2 35. g6 Kxg6 36. Rf2 Rh3+ 37. Rf3 Rxf3+ 38. Kxf3 Kf5 39. b3 b5 40. b4 a6 41. a3 Kg6 42. Kg4 f5+ 43. exf6 Kxf6 44. Kh5 Kf5 45. Kh6 Kxf4 46. Kg6 e5 47. dxe5 Kxe5 48. Kf7 d4 49. cxd4+ Kxd4 50. Ke6 c5 51. bxc5 Kxc5 0-1

[Event "Winnipeg TNT January op"]
[Site "Winnipeg CAN"]
[Date "2009.01.20"]
[Round "3"]
[White "Goodman, Clifford"]
[Black "Mundwiler, Les"]
[Result "0-1"]
[WhiteElo "1646"]
[BlackElo "1997"]
[PlyCount "79"]
[GameId "2160767910281755"]
[EventDate "2009.01.06"]
[EventType "swiss"]
[EventRounds "5"]
[EventCountry "CAN"]
[SourceTitle "EXT 2011"]
[Source "ChessBase"]
[SourceDate "2011.11.26"]
[SourceVersion "1"]
[SourceVersionDate "2011.11.26"]
[SourceQuality "1"]

1. Nf3 d5 2. d4 e6 3. c4 c5 4. cxd5 exd5 5. g3 Nc6 6. Bg2 Nf6 7. O-O Be7 8. Nc3 O-O 9. Bg5 c4 10. Ne5 Be6 11. Nxc6 bxc6 12. e4 Rb8 13. e5 Nd7 14. Bxe7 Qxe7 15. f4 f5 16. Rb1 Nb6 17. h3 a5 18. Kh2 Ra8 19. Qh5 Qb4 20. a3 Qb3 21. Bf3 Nd7 22. Bd1 Qb6 23. Ne2 c5 24. dxc5 Qxc5 25. Ng1 Rf7 26. Nf3 h6 27. Ba4 Nf8 28. Nh4 Kh7 29. Nxf5 Rxf5 30. Bc2 g6 31. Bxf5 Bxf5 32. Qd1 Bxb1 33. Qxb1 Qe3 34. f5 Qd3 35. Qxd3 cxd3 36. f6 Re8 37. Rc1 d2 38. Rc7+ Kh8 39. Re7 Rc8 40. f7 0-1

[Event "Winnipeg TNT January op"]
[Site "Winnipeg CAN"]
[Date "2009.01.20"]
[Round "3"]
[White "Green, Aaron"]
[Black "Rutter, Blair"]
[Result "1-0"]
[WhiteElo "1776"]
[BlackElo "1877"]
[PlyCount "67"]
[GameId "2160767910281756"]
[EventDate "2009.01.06"]
[EventType "swiss"]
[EventRounds "5"]
[EventCountry "CAN"]
[SourceTitle "EXT 2011"]
[Source "ChessBase"]
[SourceDate "2011.11.26"]
[SourceVersion "1"]
[SourceVersionDate "2011.11.26"]
[SourceQuality "1"]

1. e4 e6 2. d3 d5 3. Nd2 Nf6 4. e5 Nfd7 5. f4 c5 6. g3 Nc6 7. c3 Nb6 8. Bg2 Bd7 9. Ngf3 Qc7 10. O-O Be7 11. Kh1 h5 12. h4 f6 13. Re1 O-O-O 14. Bh3 fxe5 15. Nxe5 Nxe5 16. Rxe5 g5 17. Bxe6 gxf4 18. Bxd7+ Qxd7 19. Kg2 Rhg8 20. Nf1 Rdf8 21. Qxh5 Bd6 22. Rg5 Qc6 23. Qg4+ Kb8 24. Rxg8 d4+ 25. Kg1 fxg3 26. Rxf8+ Bxf8 27. Qxg3+ Bd6 28. Bf4 Nc8 29. Bxd6+ Nxd6 30. Nd2 Kc8 31. h5 Qd5 32. Rf1 b5 33. h6 Nf7 34. Qg8+ 1-0

[Event "Winnipeg TNT January op"]
[Site "Winnipeg CAN"]
[Date "2009.01.20"]
[Round "3"]
[White "Kernetsky, Myron"]
[Black "Campbell, Gary"]
[Result "1-0"]
[WhiteElo "1979"]
[BlackElo "1608"]
[PlyCount "51"]
[GameId "2160767910281757"]
[EventDate "2009.01.06"]
[EventType "swiss"]
[EventRounds "5"]
[EventCountry "CAN"]
[SourceTitle "EXT 2011"]
[Source "ChessBase"]
[SourceDate "2011.11.26"]
[SourceVersion "1"]
[SourceVersionDate "2011.11.26"]
[SourceQuality "1"]

1. d4 d5 2. c4 e6 3. Nc3 Nf6 4. Nf3 Be7 5. Bf4 c6 6. e3 Nbd7 7. h3 O-O 8. Bd3 Re8 9. O-O a6 10. a4 c5 11. cxd5 exd5 12. a5 cxd4 13. Nxd4 Nc5 14. Bb1 Ne6 15. Bg3 Bb4 16. Qa4 Nxd4 17. Qxb4 Nc6 18. Qa4 b5 19. axb6 Qxb6 20. Qa3 Nb4 21. Na4 Qb5 22. Bd6 a5 23. Nc3 Qb7 24. Bxb4 axb4 25. Qxa8 bxc3 26. Qxb7 1-0

[Event "Winnipeg TNT January op"]
[Site "Winnipeg CAN"]
[Date "2009.01.20"]
[Round "3"]
[White "Milord, Frank"]
[Black "Gibbons, Lorne"]
[Result "1-0"]
[WhiteElo "1584"]
[BlackElo "1208"]
[PlyCount "67"]
[GameId "2160767910281758"]
[EventDate "2009.01.06"]
[EventType "swiss"]
[EventRounds "5"]
[EventCountry "CAN"]
[SourceTitle "EXT 2011"]
[Source "ChessBase"]
[SourceDate "2011.11.26"]
[SourceVersion "1"]
[SourceVersionDate "2011.11.26"]
[SourceQuality "1"]

1. d4 d5 2. c4 c5 3. cxd5 Qxd5 4. Nf3 cxd4 5. Qxd4 Qxd4 6. Nxd4 e6 7. e4 Bc5 8. Nb5 Bb6 9. Nd6+ Kf8 10. Nxc8 Bc7 11. b3 Nc6 12. Ba3+ Nge7 13. Nxe7 Ba5+ 14. Kd1 Rd8+ 15. Kc1 Nxe7 16. Bc4 Rc8 17. Kd1 Rd8+ 18. Ke2 a6 19. Rd1 Rxd1 20. Kxd1 b5 21. Bd3 f6 22. Bc5 Kf7 23. b4 Bc7 24. Ke2 Be5 25. Nc3 Bxc3 26. Rd1 Rd8 27. f4 Nc6 28. Rc1 Bxb4 29. Bb6 Nd4+ 30. Ke3 Ra8 31. Rc7+ Kf8 32. Bxd4 Bd6 33. Bc5 Be7 34. Bxe7+ 1-0

[Event "Winnipeg TNT January op"]
[Site "Winnipeg CAN"]
[Date "2009.01.20"]
[Round "3"]
[White "Ott, Richard"]
[Black "Trueman, Francis"]
[Result "1-0"]
[WhiteElo "1426"]
[BlackElo "1566"]
[PlyCount "42"]
[GameId "2160767910281759"]
[EventDate "2009.01.06"]
[EventType "swiss"]
[EventRounds "5"]
[EventCountry "CAN"]
[SourceTitle "EXT 2011"]
[Source "ChessBase"]
[SourceDate "2011.11.26"]
[SourceVersion "1"]
[SourceVersionDate "2011.11.26"]
[SourceQuality "1"]

1. d4 Nf6 2. Nf3 d6 3. Bf4 g6 4. e3 Bg7 5. h3 O-O 6. Be2 Nbd7 7. O-O c6 8. c4 Qc7 9. Nbd2 e5 10. dxe5 dxe5 11. Bh2 Re8 12. Qc2 a5 13. c5 Bf8 14. Rad1 Bxc5 15. Nc4 Bf8 16. Ncxe5 Nxe5 17. Nxe5 Bd6 18. Rxd6 Qxd6 19. Nc4 Qe6 20. Nd6 Qe7 21. Nxe8 Qxe8 1-0

[Event "Winnipeg TNT January op"]
[Site "Winnipeg CAN"]
[Date "2009.01.20"]
[Round "3"]
[White "Swift, Ryne"]
[Black "Czarny, Keith"]
[Result "1-0"]
[WhiteElo "1612"]
[BlackElo "1710"]
[PlyCount "97"]
[GameId "2160767910281760"]
[EventDate "2009.01.06"]
[EventType "swiss"]
[EventRounds "5"]
[EventCountry "CAN"]
[SourceTitle "EXT 2011"]
[Source "ChessBase"]
[SourceDate "2011.11.26"]
[SourceVersion "1"]
[SourceVersionDate "2011.11.26"]
[SourceQuality "1"]

1. e4 Nf6 2. Nc3 e5 3. Nf3 Nc6 4. d4 Bb4 5. Qd3 Qe7 6. d5 Nd4 7. Bg5 h6 8. Bxf6 Qxf6 9. O-O-O Nxf3 10. Qxf3 Qxf3 11. gxf3 Bxc3 12. bxc3 d6 13. Rg1 g6 14. Bb5+ Bd7 15. Bc4 b5 16. Be2 Rb8 17. Kd2 Ke7 18. Rb1 a6 19. c4 b4 20. Rb2 Rb6 21. Rgb1 Rhb8 22. c3 bxc3+ 23. Kxc3 Rxb2 24. Rxb2 Rxb2 25. Kxb2 Kf6 26. h4 g5 27. h5 Ke7 28. Kb3 f6 29. c5 Bc8 30. c6 f5 31. Kb4 fxe4 32. fxe4 Kf6 33. f3 g4 34. fxg4 Kg5 35. Ka5 Kf4 36. a3 Kxe4 37. g5 hxg5 38. h6 Bf5 39. Kxa6 Kxd5 40. Kb7 g4 41. Bxg4 Bg6 42. Kxc7 e4 43. Kd7 e3 44. c7 Bf5+ 45. Bxf5 e2 46. c8=Q e1=Q 47. h7 Qe5 48. Qf8 Qc3 49. Qg8+ 1-0

[Event "Winnipeg TNT January op"]
[Site "Winnipeg CAN"]
[Date "2009.01.20"]
[Round "3"]
[White "Wiebe, Daniel"]
[Black "Green, Jim"]
[Result "1-0"]
[WhiteElo "1839"]
[BlackElo "1773"]
[PlyCount "71"]
[GameId "2160767910281761"]
[EventDate "2009.01.06"]
[EventType "swiss"]
[EventRounds "5"]
[EventCountry "CAN"]
[SourceTitle "EXT 2011"]
[Source "ChessBase"]
[SourceDate "2011.11.26"]
[SourceVersion "1"]
[SourceVersionDate "2011.11.26"]
[SourceQuality "1"]

1. e4 d6 2. d4 Nf6 3. Nc3 Nbd7 4. Bc4 e5 5. Nf3 Be7 6. Bg5 O-O 7. Qd2 h6 8. Be3 Ng4 9. O-O c6 10. Rad1 Qc7 11. h3 Nxe3 12. fxe3 b5 13. Bb3 a5 14. a4 b4 15. Ne2 Ba6 16. Rf2 Nf6 17. Ng3 h5 18. c4 bxc3 19. Qxc3 Rad8 20. dxe5 dxe5 21. Rxd8 Rxd8 22. Nxe5 Bd6 23. Bxf7+ Kf8 24. Rd2 Bxe5 25. Rxd8+ Qxd8 26. Qxe5 Kxf7 27. Nf5 g6 28. Nd4 Bb7 29. Qe6+ Kg7 30. Qe5 Kf7 31. Qe6+ Kg7 32. Qe5 Kf7 33. Qg5 Qe7 34. e5 Nd5 35. e6+ Kg7 36. Nf5+ 1-0

[Event "Winnipeg TNT January op"]
[Site "Winnipeg CAN"]
[Date "2009.01.27"]
[Round "4"]
[White "Evans, Brian"]
[Black "Goodman, Clifford"]
[Result "1-0"]
[WhiteElo "1537"]
[BlackElo "1646"]
[PlyCount "39"]
[GameId "2160767910281762"]
[EventDate "2009.01.06"]
[EventType "swiss"]
[EventRounds "5"]
[EventCountry "CAN"]
[SourceTitle "EXT 2011"]
[Source "ChessBase"]
[SourceDate "2011.11.26"]
[SourceVersion "1"]
[SourceVersionDate "2011.11.26"]
[SourceQuality "1"]

1. e4 c5 2. Nf3 g6 3. d4 cxd4 4. Nxd4 Nc6 5. Nxc6 bxc6 6. Bc4 Bg7 7. Qf3 e6 8. O-O d5 9. exd5 cxd5 10. Bb5+ Bd7 11. Bxd7+ Qxd7 12. c4 Ne7 13. Nc3 O-O 14. cxd5 Nxd5 15. Rd1 Qb7 16. Nxd5 exd5 17. Qxd5 Rad8 18. Qxd8 Rxd8 19. Rxd8+ Bf8 20. Bh6 1-0

[Event "Winnipeg TNT January op"]
[Site "Winnipeg CAN"]
[Date "2009.01.27"]
[Round "4"]
[White "Green, Jim"]
[Black "Swift, Ryne"]
[Result "1-0"]
[WhiteElo "1773"]
[BlackElo "1612"]
[PlyCount "105"]
[GameId "2160767910281763"]
[EventDate "2009.01.06"]
[EventType "swiss"]
[EventRounds "5"]
[EventCountry "CAN"]
[SourceTitle "EXT 2011"]
[Source "ChessBase"]
[SourceDate "2011.11.26"]
[SourceVersion "1"]
[SourceVersionDate "2011.11.26"]
[SourceQuality "1"]

1. e4 e5 2. Nf3 Nc6 3. d4 exd4 4. Bc4 Bc5 5. c3 dxc3 6. Bxf7+ Kxf7 7. Qd5+ Kf8 8. Qxc5+ Qe7 9. Qxe7+ Ngxe7 10. bxc3 d6 11. h3 Be6 12. Nbd2 h6 13. O-O Ng6 14. Nd4 Nxd4 15. cxd4 Nf4 16. d5 Bd7 17. Nb3 Ng6 18. Nd4 Re8 19. Re1 a6 20. Bd2 Kf7 21. Rac1 Rc8 22. f4 Rhe8 23. Nf3 c6 24. f5 Ne5 25. Nxe5+ dxe5 26. d6 c5 27. Ba5 Ba4 28. Bc7 Bc6 29. Rxc5 Kf6 30. Rd1 Bd7 31. Rd3 Kf7 32. Rg3 Ra8 33. Rd3 Rac8 34. g4 Kf6 35. h4 Ra8 36. Kf2 Rac8 37. Rh3 Ra8 38. Rd3 Rac8 39. Rdd5 Ra8 40. Rxe5 Rxe5 41. g5+ hxg5 42. hxg5+ Kxg5 43. Rxe5 Re8 44. Rxe8 Bxe8 45. Ke3 Kf6 46. Kf3 Bd7 47. Kf4 b5 48. e5+ Kf7 49. Ba5 g6 50. e6+ Bxe6 51. fxe6+ Kxe6 52. Bb4 Kf6 53. d7 1-0

[Event "Winnipeg TNT January op"]
[Site "Winnipeg CAN"]
[Date "2009.01.27"]
[Round "4"]
[White "Lauritson, Jim"]
[Black "Lipic, Stephen"]
[Result "1-0"]
[WhiteElo "1957"]
[BlackElo "1606"]
[PlyCount "44"]
[GameId "2160767910281764"]
[EventDate "2009.01.06"]
[EventType "swiss"]
[EventRounds "5"]
[EventCountry "CAN"]
[SourceTitle "EXT 2011"]
[Source "ChessBase"]
[SourceDate "2011.11.26"]
[SourceVersion "1"]
[SourceVersionDate "2011.11.26"]
[SourceQuality "1"]

1. d4 d5 2. c4 e6 3. Nc3 c6 4. e4 g6 5. Nf3 Bg7 6. Be2 Ne7 7. O-O O-O 8. Bg5 Qe8 9. cxd5 f6 10. d6 fxg5 11. Nxg5 Nd5 12. exd5 exd5 13. Bg4 Bxg4 14. Qxg4 Qd8 15. Qe6+ Kh8 16. Nf7+ Rxf7 17. Qxf7 Qxd6 18. Rae1 Nd7 19. Re7 Qf6 20. Rxd7 Qxf7 21. Rxf7 Bxd4 22. Re1 Bc5 1-0

[Event "Winnipeg TNT January op"]
[Site "Winnipeg CAN"]
[Date "2009.01.27"]
[Round "4"]
[White "Mundwiler, Les"]
[Black "Green, Aaron"]
[Result "1-0"]
[WhiteElo "1997"]
[BlackElo "1776"]
[PlyCount "65"]
[GameId "2160767910281765"]
[EventDate "2009.01.06"]
[EventType "swiss"]
[EventRounds "5"]
[EventCountry "CAN"]
[SourceTitle "EXT 2011"]
[Source "ChessBase"]
[SourceDate "2011.11.26"]
[SourceVersion "1"]
[SourceVersionDate "2011.11.26"]
[SourceQuality "1"]

1. Nf3 Nf6 2. c4 g6 3. Nc3 Bg7 4. d4 O-O 5. e3 d6 6. Be2 Nc6 7. a3 e5 8. d5 Ne7 9. e4 a5 10. h3 Ne8 11. g4 f5 12. gxf5 gxf5 13. Ng5 f4 14. Bg4 Nf5 15. Ne6 Bxe6 16. dxe6 Ne7 17. Bh5 Nf6 18. Bf7+ Rxf7 19. exf7+ Kxf7 20. Qf3 Nc6 21. Nb5 Qe7 22. Bd2 Nd8 23. Qd3 Ne6 24. Nc3 c6 25. O-O-O Nd7 26. h4 Nd4 27. Rdg1 Nc5 28. Qh3 f3 29. Be3 Nd3+ 30. Kb1 Bf6 31. Qg4 Ke8 32. Qg8+ Qf8 33. Qxh7 1-0

[Event "Winnipeg TNT January op"]
[Site "Winnipeg CAN"]
[Date "2009.01.27"]
[Round "4"]
[White "Ott, Richard"]
[Black "Milord, Frank"]
[Result "0-1"]
[WhiteElo "1426"]
[BlackElo "1584"]
[PlyCount "40"]
[GameId "2160767910281766"]
[EventDate "2009.01.06"]
[EventType "swiss"]
[EventRounds "5"]
[EventCountry "CAN"]
[SourceTitle "EXT 2011"]
[Source "ChessBase"]
[SourceDate "2011.11.26"]
[SourceVersion "1"]
[SourceVersionDate "2011.11.26"]
[SourceQuality "1"]

1. d4 d5 2. c4 c6 3. Nc3 Nf6 4. Nf3 dxc4 5. e4 b5 6. e5 Nd5 7. a4 b4 8. Ne4 c3 9. Bc4 cxb2 10. Bxb2 a5 11. O-O e6 12. Nfg5 Be7 13. Nxf7 Kxf7 14. Qf3+ Ke8 15. Qg3 Rg8 16. Rfe1 Ba6 17. Bb3 Nd7 18. Nd6+ Bxd6 19. exd6 Qf6 20. f4 Kd8 0-1

[Event "Winnipeg TNT January op"]
[Site "Winnipeg CAN"]
[Date "2009.01.27"]
[Round "4"]
[White "Trueman, Francis"]
[Black "Czarny, Keith"]
[Result "0-1"]
[WhiteElo "1566"]
[BlackElo "1710"]
[PlyCount "37"]
[GameId "2160767910281768"]
[EventDate "2009.01.06"]
[EventType "swiss"]
[EventRounds "5"]
[EventCountry "CAN"]
[SourceTitle "EXT 2011"]
[Source "ChessBase"]
[SourceDate "2011.11.26"]
[SourceVersion "1"]
[SourceVersionDate "2011.11.26"]
[SourceQuality "1"]

1. Nf3 e6 2. d3 f5 3. Nbd2 Nf6 4. g3 g6 5. Bg2 d5 6. O-O Bg7 7. c3 O-O 8. h3 Nbd7 9. Nh2 e5 10. f3 c6 11. Qc2 Qb6+ 12. Kh1 Nh5 13. Ne4 fxe4 14. e3 Nxg3+ 15. Kg1 Nxf1 16. Kxf1 exd3 17. Qxd3 e4 18. Qe2 exf3 19. Nxf3 0-1

[Event "Winnipeg TNT January op"]
[Site "Winnipeg CAN"]
[Date "2009.01.27"]
[Round "4"]
[White "Wiebe, Daniel"]
[Black "Kernetsky, Myron"]
[Result "1-0"]
[WhiteElo "1839"]
[BlackElo "1979"]
[PlyCount "55"]
[GameId "2160767910281769"]
[EventDate "2009.01.06"]
[EventType "swiss"]
[EventRounds "5"]
[EventCountry "CAN"]
[SourceTitle "EXT 2011"]
[Source "ChessBase"]
[SourceDate "2011.11.26"]
[SourceVersion "1"]
[SourceVersionDate "2011.11.26"]
[SourceQuality "1"]

1. e4 e6 2. d4 d5 3. Nc3 Nf6 4. Bg5 Be7 5. Bxf6 Bxf6 6. e5 Be7 7. Qg4 O-O 8. Bd3 f5 9. Qh3 c5 10. Nf3 Nc6 11. O-O-O cxd4 12. Nb5 Qb6 13. g4 a6 14. gxf5 exf5 15. Nd6 Be6 16. Bxf5 Bxf5 17. Nxf5 Kh8 18. Rhg1 Rg8 19. Rg5 g6 20. Nxe7 Nxe7 21. Nxd4 Raf8 22. f3 Nc6 23. Qe6 Qc5 24. Qd6 Qc4 25. Nxc6 bxc6 26. e6 Rxf3 27. Qe5+ Rg7 28. e7 1-0

[Event "Winnipeg TNT July op"]
[Site "Winnipeg CAN"]
[Date "2009.07.07"]
[Round "1"]
[White "D'Arcangelo, Joseph"]
[Black "Klokow, John"]
[Result "0-1"]
[WhiteElo "1071"]
[BlackElo "1772"]
[PlyCount "60"]
[GameId "2160767910156366"]
[EventDate "2009.07.07"]
[EventType "swiss"]
[EventRounds "4"]
[EventCountry "CAN"]
[SourceTitle "EXT 2011"]
[Source "ChessBase"]
[SourceDate "2011.11.26"]
[SourceVersion "1"]
[SourceVersionDate "2011.11.26"]
[SourceQuality "1"]

1. e4 e5 2. Bc4 Nf6 3. d3 Nc6 4. Nf3 Be7 5. a3 O-O 6. Be3 d5 7. exd5 Nxd5 8. Qe2 Nxe3 9. Qxe3 Bg4 10. Nbd2 Re8 11. h3 Bh5 12. O-O-O Bd6 13. g4 Bg6 14. Qe2 Qe7 15. Nb1 a6 16. h4 h6 17. g5 h5 18. Bd5 e4 19. dxe4 Bxe4 20. Bxc6 Bxc6 21. Qd3 Qe2 22. Rh3 Rad8 23. Qb3 g6 24. Nfd2 Qxf2 25. Nf3 Re3 26. Qc4 Rxf3 27. Rxf3 Qxf3 28. Rf1 Qd5 29. Qc3 Bf4+ 30. Nd2 Bxd2+ 0-1

[Event "Winnipeg TNT July op"]
[Site "Winnipeg CAN"]
[Date "2009.07.07"]
[Round "1"]
[White "Khedkar, Jay S"]
[Black "Wasserman, Leor"]
[Result "1/2-1/2"]
[WhiteElo "2022"]
[BlackElo "1630"]
[PlyCount "71"]
[GameId "2160767910156367"]
[EventDate "2009.07.07"]
[EventType "swiss"]
[EventRounds "4"]
[EventCountry "CAN"]
[SourceTitle "EXT 2011"]
[Source "ChessBase"]
[SourceDate "2011.11.26"]
[SourceVersion "1"]
[SourceVersionDate "2011.11.26"]
[SourceQuality "1"]

1. e4 c5 2. Nf3 d6 3. d4 cxd4 4. Nxd4 Nf6 5. Nc3 g6 6. Be2 Bg7 7. Be3 O-O 8. O-O Bd7 9. Nb3 Nc6 10. f4 Rc8 11. Bf3 a6 12. a4 h5 13. h3 Bh6 14. Qd2 Qc7 15. Rad1 Na5 16. Nxa5 Qxa5 17. Nd5 Qxd2 18. Nxf6+ exf6 19. Rxd2 Bxa4 20. b3 Bc6 21. Rxd6 Rfe8 22. Rd4 f5 23. e5 Bxf3 24. Rxf3 Rxc2 25. Rd7 b5 26. Rd6 Rc3 27. Bd2 Rxf3 28. gxf3 Ra8 29. b4 Kf8 30. Kf2 Ke8 31. Ke3 Bf8 32. Rd5 Rc8 33. Rd3 Rc4 34. Rd4 Rxd4 35. Kxd4 Kd7 36. Kd5 1/2-1/2

[Event "Winnipeg TNT July op"]
[Site "Winnipeg CAN"]
[Date "2009.07.07"]
[Round "1"]
[White "Milord, Frank"]
[Black "Kernetsky, Myron"]
[Result "0-1"]
[WhiteElo "1602"]
[BlackElo "2022"]
[PlyCount "86"]
[GameId "2160767910156368"]
[EventDate "2009.07.07"]
[EventType "swiss"]
[EventRounds "4"]
[EventCountry "CAN"]
[SourceTitle "EXT 2011"]
[Source "ChessBase"]
[SourceDate "2011.11.26"]
[SourceVersion "1"]
[SourceVersionDate "2011.11.26"]
[SourceQuality "1"]

1. e4 e6 2. d4 d5 3. e5 c5 4. c3 Nc6 5. Nf3 Qb6 6. a3 c4 7. Nbd2 Na5 8. Rb1 Bd7 9. Be2 Ne7 10. O-O Nec6 11. Qe1 Be7 12. Bd1 O-O 13. Bc2 Qc7 14. Qe3 f6 15. Re1 Rae8 16. exf6 Bxf6 17. b4 cxb3 18. Bxb3 Nxb3 19. Nxb3 e5 20. Qd2 exd4 21. Nbxd4 Na5 22. Qb2 Bxd4 23. cxd4 Bf5 24. Ra1 Rxe1+ 25. Nxe1 Re8 26. Be3 Nc4 27. Qb5 Rd8 28. Bg5 Rd7 29. Nf3 a6 30. Qb4 h6 31. Bh4 Qc8 32. Re1 Bg4 33. Ne5 Nxe5 34. dxe5 Be6 35. f4 Qc6 36. f5 Bxf5 37. Rf1 Rf7 38. Qb2 Qg6 39. Re1 Be4 40. Rc1 Qf5 41. Bf2 Qg4 42. Bd4 Bxg2 43. Qxg2 Qxd4+ 0-1

[Event "Winnipeg TNT July op"]
[Site "Winnipeg CAN"]
[Date "2009.07.07"]
[Round "1"]
[White "Nikouline, Alexandre"]
[Black "Hemphill, Jim"]
[Result "1-0"]
[WhiteElo "2137"]
[BlackElo "1711"]
[PlyCount "63"]
[GameId "2160767910156369"]
[EventDate "2009.07.07"]
[EventType "swiss"]
[EventRounds "4"]
[EventCountry "CAN"]
[SourceTitle "EXT 2011"]
[Source "ChessBase"]
[SourceDate "2011.11.26"]
[SourceVersion "1"]
[SourceVersionDate "2011.11.26"]
[SourceQuality "1"]

1. e4 c5 2. Nf3 e6 3. d4 cxd4 4. Nxd4 Nf6 5. Bd3 d6 6. Be3 Be7 7. Nc3 O-O 8. Qd2 Nc6 9. O-O-O e5 10. Nde2 Be6 11. Nd5 Ng4 12. Nec3 Nxe3 13. Nxe7+ Qxe7 14. Qxe3 f6 15. Nd5 Qf7 16. c3 f5 17. Bc2 fxe4 18. Bxe4 Rac8 19. f3 Kh8 20. Rd2 b5 21. Qd3 Rfd8 22. Kb1 b4 23. cxb4 Nd4 24. Nc3 g6 25. Qe3 Kg7 26. Rhd1 Rc4 27. Ne2 d5 28. Nxd4 exd4 29. Rxd4 Qc7 30. Bxd5 Bf5+ 31. Ka1 Rc8 32. Bxc4 1-0

[Event "Winnipeg TNT July op"]
[Site "Winnipeg CAN"]
[Date "2009.07.07"]
[Round "1.4"]
[White "Boron, Anthony"]
[Black "Pang, Michael"]
[Result "1-0"]
[WhiteElo "2000"]
[BlackElo "1597"]
[PlyCount "113"]
[GameId "2160767910156370"]
[EventDate "2009.07.07"]
[EventType "swiss"]
[EventRounds "4"]
[EventCountry "CAN"]

1. d4 d5 2. c4 c6 3. Nf3 Nf6 4. e3 g6 5. Nbd2 Bg7 6. Bd3 O-O 7. O-O e6 8. b3 Nbd7 9. Bb2 b6 10. Rc1 Bb7 11. Qe2 Qe7 12. cxd5 cxd5 13. Ba6 Nb8 14. Bxb7 Qxb7 15. Ba3 Rd8 16. Ne5 Nfd7 17. f4 f6 18. Nef3 Nc6 19. Qb5 Rac8 20. h3 Bf8 21. Bxf8 Rxf8 22. g4 a6 23. Qa4 Kg7 24. g5 Rf7 25. gxf6+ Nxf6 26. Ne5 Nxe5 27. fxe5 Ng8 28. Rxf7+ Kxf7 29. Rf1+ Kg7 30. Nf3 Nh6 31. Ng5 Qc6 32. Qxc6 Rxc6 33. Rf6 Ng8 34. Rxe6 Rc1+ 35. Kf2 Rc2+ 36. Ke1 h6 37. Nf3 Rxa2 38. Rxb6 Ne7 39. Rb7 Kf8 40. e6 Rc2 41. Ne5 Ra2 42. Ng4 h5 43. Nf6 Rc2 44. Nh7+ Ke8 45. Rd7 Rc6 46. Nf6+ Kf8 47. Nxd5 Nxd5 48. Rxd5 Rxe6 49. Kd2 Rb6 50. Kc3 Ke7 51. Rg5 Kf6 52. h4 Re6 53. Rg3 Re4 54. Rf3+ Ke6 55. Rh3 Kf5 56. Kd3 a5 57. Rf3+ 1-0

[Event "Winnipeg TNT July op"]
[Site "Winnipeg CAN"]
[Date "2009.07.07"]
[Round "1.4"]
[White "Campbell, Gary"]
[Black "Schulz, Waldemar"]
[Result "0-1"]
[WhiteElo "1680"]
[BlackElo "2048"]
[PlyCount "35"]
[GameId "2160767910156371"]
[EventDate "2009.07.07"]
[EventType "swiss"]
[EventRounds "4"]
[EventCountry "CAN"]

1. d4 Nf6 2. c4 g6 3. Nc3 d5 4. cxd5 Nxd5 5. e4 Nxc3 6. bxc3 Bg7 7. Bd3 c5 8. Ne2 O-O 9. O-O cxd4 10. cxd4 Nc6 11. Be3 Nxd4 12. Nxd4 Bxd4 13. Bxd4 Qxd4 14. Qf3 Rd8 15. Rfd1 Be6 16. Rac1 Rac8 17. Rxc8 Bxc8 18. Bc2 0-1

[Event "Winnipeg TNT July op"]
[Site "Winnipeg CAN"]
[Date "2009.07.07"]
[Round "1.4"]
[White "Evans, Brian"]
[Black "Lauritson, Jim"]
[Result "0-1"]
[WhiteElo "1591"]
[BlackElo "1944"]
[PlyCount "98"]
[GameId "2160767910156372"]
[EventDate "2009.07.07"]
[EventType "swiss"]
[EventRounds "4"]
[EventCountry "CAN"]

1. e4 c5 2. Nf3 e6 3. d4 cxd4 4. Nxd4 Nc6 5. Be3 Nf6 6. f3 a6 7. a3 Qc7 8. Nc3 b5 9. Nxc6 Qxc6 10. Qd4 d6 11. Be2 Be7 12. O-O O-O 13. Rad1 Bb7 14. Rd2 Rfd8 15. Rfd1 Rac8 16. Qb6 Nd7 17. Qxc6 Rxc6 18. f4 Nb6 19. Nxb5 axb5 20. Bxb5 Nc4 21. Bxc6 Bxc6 22. Re2 Nxb2 23. Rb1 Nc4 24. Bc1 d5 25. e5 Bc5+ 26. Kh1 Nxa3 27. Bxa3 Bxa3 28. Re3 Be7 29. Rc3 Ba8 30. Rcb3 Kf8 31. Rb8 Ke8 32. Rxd8+ Bxd8 33. Rb8 Bc6 34. Kg1 Kd7 35. Kf2 Kc7 36. Rb2 Be7 37. Rb3 Bc5+ 38. Kg3 d4 39. Rb2 Be4 40. h3 Kc6 41. Kh2 Kd5 42. g4 Kc4 43. Kg3 Kc3 44. Rb8 Bxc2 45. Rc8 Kc4 46. Kf3 d3 47. Rxc5+ Kxc5 48. Ke3 Kc4 49. Kd2 Kd4 0-1

[Event "Winnipeg TNT July op"]
[Site "Winnipeg CAN"]
[Date "2009.07.07"]
[Round "1.4"]
[White "Greenberg, Harley"]
[Black "Keer, Keer"]
[Result "1-0"]
[WhiteElo "1788"]
[BlackElo "1406"]
[PlyCount "79"]
[GameId "2160767910156373"]
[EventDate "2009.07.07"]
[EventType "swiss"]
[EventRounds "4"]
[EventCountry "CAN"]

1. e4 e5 2. Nf3 Nc6 3. Bb5 Bd6 4. O-O Nf6 5. Re1 O-O 6. c3 a6 7. Ba4 b5 8. Bc2 Bb7 9. d4 Re8 10. Nbd2 h6 11. Nf1 exd4 12. cxd4 Bb4 13. Bd2 d5 14. e5 Nh7 15. a3 Bxd2 16. Qxd2 Bc8 17. Bxh7+ Kxh7 18. Qc2+ Kg8 19. Qxc6 Bg4 20. Qc3 Rc8 21. Ng3 Re6 22. h3 Bxf3 23. Qxf3 c6 24. Nf5 Qg5 25. Nd6 Rc7 26. Qe3 Qg6 27. f4 f5 28. Qd3 c5 29. dxc5 Rxc5 30. Rac1 Rxd6 31. exd6 Qxd6 32. Qxf5 g6 33. Qe5 Qc6 34. Qe8+ Qxe8 35. Rxe8+ Kf7 36. Rxc5 Kxe8 37. Rxd5 Kf7 38. b4 Ke6 39. Re5+ Kf6 40. h4 1-0